000 01131nam a2200253 i 4500
001 179944
003 ES-MaACL
005 20230906220941.0
008 120306s1997 sp |||| | spa d
020 _a84-89794-10-3
080 _a821.134.2-2"15"(082.2)
245 0 0 _aTeatro clásico en Valencia.
_nI /
_c[edición y prólogo de Teresa Ferrer Valls].
260 _aMadrid :
_bFundación José Antonio de Castro,
_c[1997]
300 _aXXXVII, 862 p. ;
_c23 cm.
490 1 _aBiblioteca Castro
505 8 _aContiene: Los amantes / Andrés Rey de Artieda. La gran Semíramis ; La cruel Casandra ; Atila furioso ; La infelice Marcela ; Elisa Dido / Cristóbal de Virués. Apologético de las comedias ; La burladora burlada ; La belígera española ; La fe pagada ; El triunfante martirio y gloriosa muerte de san Vicente / Ricardo de Turia
700 1 _aFerrer Valls, Teresa.
_9149518
700 1 _aRey de Artieda, Andrés.
_996521
700 1 _aVirués, Cristóbal de.
_9115471
700 1 _aTuria, Ricardo del.
_9149519
830 0 _aBiblioteca Castro
_9178957
852 _aES-MaACL
_jL-29815
999 _c179944
_d179944